| 000 | 00440nam a2200145Ia 4500 | ||
|---|---|---|---|
| 008 | 211109s9999||||xx |||||||||||||| ||und|| | ||
| 082 |
_a824 _bJAN-E |
||
| 100 | _aJanes, Edmund D | ||
| 245 | 0 | _aEnglish Critical Essasys [16th, 17th, 18th Centuries) | |
| 260 |
_bOxford University Press _aLondon _c1916 |
||
| 300 | _a522p. | ||
| 630 | _xGeneral Stack | ||
| 650 |
_aEnglish essays _vEnglish & old English Literatures _xLiterature |
||
| 942 | _cBOOK | ||
| 999 |
_c1979 _d1979 |
||